<?xml version="1.0" encoding="UTF-8"?>
<record
    xmlns:xsi="http://www.w3.org/2001/XMLSchema-instance"
    xsi:schemaLocation="http://www.loc.gov/MARC21/slim http://www.loc.gov/standards/marcxml/schema/MARC21slim.xsd"
    xmlns="http://www.loc.gov/MARC21/slim">

  <leader>00955nam a2200205Ia 4500</leader>
  <datafield tag="999" ind1=" " ind2=" ">
    <subfield code="c">50864</subfield>
    <subfield code="d">50864</subfield>
  </datafield>
  <controlfield tag="001">17819</controlfield>
  <controlfield tag="003">GE_BSU</controlfield>
  <controlfield tag="005">20200224165544.0</controlfield>
  <controlfield tag="008">181216s1977en  xx |||||||||||||| ||eng||</controlfield>
  <datafield tag="040" ind1=" " ind2=" ">
    <subfield code="c">GE_BSU</subfield>
  </datafield>
  <datafield tag="080" ind1=" " ind2=" ">
    <subfield code="a">353.03(73)  P-97</subfield>
  </datafield>
  <datafield tag="245" ind1=" " ind2=" ">
    <subfield code="a">Public papers of the presidents of the United States Jimmy Carter 1977. book I</subfield>
    <subfield code="b">1977 (in two books) Book I-january 20 to june 24, 1977</subfield>
  </datafield>
  <datafield tag="264" ind1=" " ind2=" ">
    <subfield code="a">Washington :</subfield>
    <subfield code="b">United States government printing office,</subfield>
    <subfield code="c">1977.</subfield>
  </datafield>
  <datafield tag="300" ind1=" " ind2=" ">
    <subfield code="a">1164 p. :</subfield>
    <subfield code="c">26 cm.</subfield>
  </datafield>
  <datafield tag="653" ind1=" " ind2=" ">
    <subfield code="a">1977 (in two books) Book I-january 20 to june 24, 1977</subfield>
  </datafield>
  <datafield tag="653" ind1=" " ind2=" ">
    <subfield code="a">Public papers of the presidents of the United States Jimmy Carter 1980-81.</subfield>
  </datafield>
  <datafield tag="653" ind1=" " ind2=" ">
    <subfield code="a">&#x10E8;&#x10D4;&#x10D4;&#x10E0;&#x10D7;&#x10D4;&#x10D1;&#x10E3;&#x10DA;&#x10D8; &#x10E8;&#x10E2;&#x10D0;&#x10E2;&#x10D4;&#x10D1;&#x10D8;&#x10E1; &#x10DE;&#x10E0;&#x10D4;&#x10D6;&#x10D8;&#x10D3;&#x10D4;&#x10DC;&#x10E2;&#x10D4;&#x10D1;&#x10D8;&#x10E1; &#x10EF;&#x10D8;&#x10DB;&#x10D8; &#x10D9;&#x10D0;&#x10E0;&#x10E2;&#x10D4;&#x10E0;&#x10D8; </subfield>
  </datafield>
  <datafield tag="653" ind1=" " ind2=" ">
    <subfield code="a">&#x10E1;&#x10D0;&#x10EE;&#x10D4;&#x10DA;&#x10DB;&#x10EC;&#x10D8;&#x10E4;&#x10DD; &#x10D0;&#x10D3;&#x10DB;&#x10D8;&#x10DC;&#x10D8;&#x10E1;&#x10E2;&#x10E0;&#x10D0;&#x10EA;&#x10D8;&#x10E3;&#x10DA;&#x10D8; &#x10DB;&#x10DB;&#x10D0;&#x10E0;&#x10D7;&#x10D5;&#x10D4;&#x10DA;&#x10DD;&#x10D1;&#x10D0;</subfield>
  </datafield>
  <datafield tag="942" ind1=" " ind2=" ">
    <subfield code="c">BK</subfield>
    <subfield code="2">udc</subfield>
  </datafield>
  <datafield tag="952" ind1=" " ind2=" ">
    <subfield code="0">0</subfield>
    <subfield code="1">0</subfield>
    <subfield code="2">udc</subfield>
    <subfield code="4">0</subfield>
    <subfield code="6">3530373_P97</subfield>
    <subfield code="7">0</subfield>
    <subfield code="9">69588</subfield>
    <subfield code="a">CPL</subfield>
    <subfield code="b">CPL</subfield>
    <subfield code="c">GEN</subfield>
    <subfield code="d">2018-12-17</subfield>
    <subfield code="o">353.03(73)  P-97</subfield>
    <subfield code="p">45694</subfield>
    <subfield code="r">2018-12-17</subfield>
    <subfield code="t">45694</subfield>
    <subfield code="w">2018-12-17</subfield>
    <subfield code="y">BK</subfield>
  </datafield>
</record>
